Meters for measuring water and industrial fluids, (Record no. 547975)

000 -LEADER
fixed length control field 00458nam a2200145 4500
082 ## - DEWEY DECIMAL CLASSIFICATION NUMBER
Classification number 628.10287
Author Mark JAQ
-- L-23, P-4
100 1# - MAIN ENTRY--PERSONAL NAME
Personal name Jaques, C.
9 (RLIN) 44152
245 10 - TITLE STATEMENT
Title Meters for measuring water and industrial fluids,
Statement of responsibility, etc. by Captain C. Jaques.
260 ## - PUBLICATION, DISTRIBUTION, ETC.
Place of publication, distribution, etc. London,
Name of publisher, distributor, etc. E. & F. N. Spon,
Date of publication, distribution, etc. 1945.
300 ## - PHYSICAL DESCRIPTION
Extent vii, 83 p.
Other physical details illus., diagrs.
Dimensions 19 cm.
526 ## - STUDY PROGRAM INFORMATION NOTE
Program name 0
Interest level 0
Reading level 0
Title point value 628_102870000000000_JAQ
650 #0 - SUBJECT ADDED ENTRY--TOPICAL TERM
Topical term or geographic name entry element MCE
9 (RLIN) 379
650 #0 - SUBJECT ADDED ENTRY--TOPICAL TERM
Topical term or geographic name entry element Water-meters.
9 (RLIN) 44153
942 ## - ADDED ENTRY ELEMENTS (KOHA)
Source of classification or shelving scheme
Koha item type Book
Holdings
Withdrawn status Lost status Source of classification or shelving scheme Damaged status Not for loan Permanent Location Current Location Date acquired Total Checkouts Full call number Barcode Date last seen Price effective from Koha item type
          Military College of Engineering (MCE) Military College of Engineering (MCE) 08/13/2014   628.10287 JAQ MCE-29971 08/13/2014 08/13/2014 Book
© 2023 Central Library, National University of Sciences and Technology. All Rights Reserved.